01258cam a22004094i 4500003000900000005001700009008004100026020001500067020001800082035002700100035002100127040004700148082001900195100004600214245006800260264004500328300003900373336002100412337002500433338002300458490002900481504003900510505012600549526001000675526001000685526001000695526001000705526000800715526000800723526000800731526000800739526000800747526000800755526000800763630005200771630002500823PE-LiUPU20250731173039.0151211s2015 sp rb 000 0 spa d a8490731489 a9788490731482 a(Sirsi) i9788490731482 a(OCoLC)933573599 aBNMbspaerdacBNMdESUPSdPUJAVdPE-LiUPU04a225.1bA492211 aÁlvarez Cineira, Davidd1964- ,eautor.13aLa formación del Nuevo Testamento /cDavid Álvarez Cineira. 1aEstella, Navarra :bVerbo Divino,c2015. a287 páginas ;c20 centímetros. atext2rdacontent aunmediated2rdamedia avolume2rdacarrier0 aQué se sabe de...;vII aBibliografía: páginas 277-282. a¿Cómo hemos llegado hasta aquí? -- ¿Cuáles son los aspectos del tema? -- Cuestiones abiertas en el debate actual. aSEG42 aSEG41 aSEG40 aSEG39 aP94 aP87 aP86 aP85 aP77 aP76 aP3504aBiblia.pN.TxCrítica, interpretación, etc.07aBiblia.pN.T.2embne